Una hora para la paz. Procedimiento para establecer la paz firme y duradera en Centroamérica /

El documento consiste en un esfuerzo de los diversos países para lograr la paz en la región, en el que se describen procesos a realizar por las naciones para lograr este propósito de conseguir la paz en los países Latinoamericanos.

שמור ב:
מידע ביבליוגרפי
פורמט: Texto
שפה:Spanish
יצא לאור: San José: s.e ; 1987.
נושאים:
תגים: הוספת תג
אין תגיות, היה/י הראשונ/ה לתייג את הרשומה!

MARC

LEADER 00000 a a2200000 04500
001 21676
003 cru CIDCAS/IIS
005 20230417094934.0
008 210603b1987 cr|||||| |||| 00| 0 spa d
020 |a [sin ISBN] 
040 |a Centro de Recursos para el Aprendizaje y la Investigación  |c CRAI/IIS  |b spa 
090 |a 01.02.07 H811h 
245 |a Una hora para la paz.   |b Procedimiento para establecer la paz firme y duradera en Centroamérica /  
260 |a San José:   |b s.e ;  |c 1987. 
300 |a 6 páginas 
500 |a Colección Centroamérica 
520 3 |a El documento consiste en un esfuerzo de los diversos países para lograr la paz en la región, en el que se describen procesos a realizar por las naciones para lograr este propósito de conseguir la paz en los países Latinoamericanos. 
650 0 0 |0 TESAUROS  |9 6307  |a ACUERDOS DE PAZ 
650 0 4 |9 1849  |a DEMOCRATIZACION 
650 0 0 |9 79  |a LIBERTAD 
651 4 |9 2605  |a LATINOAMERICA 
852 1 1 |a 01.02.07 H811h 
942 |2 ddc  |c LI  |h 01.02.07 H811h  |k 01.02.07   |m  H811h  |6 010207_H811H 
999 |c 17726  |d 17726